|
|
|
|
| LEADER |
00770nam a22002052a 4500 |
| 001 |
000277322 |
| 003 |
CZ BrMZK |
| 005 |
19980105143423.0 |
| 007 |
ta |
| 008 |
980105s1926 xr f cze d |
| 040 |
|
|
|a BOA001
|b cze
|
| 100 |
1 |
|
|a Kazbunda, Karel,
|d 1888-1982
|7 jk01053334
|
| 245 |
1 |
0 |
|a Archiv C. K. Státní rady 1861-1868
|
| 260 |
|
|
|a Praha,
|c 1926
|
| 490 |
1 |
|
|a Publikace archivu ministerstva zahraničních věcí ;
|v řada 2, sv. 1
|
| 830 |
|
0 |
|a Publikace archivu ministerstva zahraničních věcí
|
| 910 |
|
|
|a BOA001
|b 3-0091.145,2/1
|
| 990 |
|
|
|a BK
|
| 996 |
6 |
|
|b 2619111326
|c 3-0091.145,2/1
|l MZK
|r Sklad / do 1 hodiny
|n 0
|w 000277322
|u 000020
|a 1
|e BOA001
|j MZK50
|s P
|
| 996 |
7 |
|
|b 2619927021
|c 3-0091.145,2/1
|l MZK
|r Sklad / do 1 hodiny
|n 1
|w 000277322
|u 000010
|a 1
|e BOA001
|j MZK50
|s A
|